000 00632nam a22002177a 4500
003 OSt
005 20210427071803.0
008 210224s1904 ||||| |||| 00| 0 eng d
040 _aeng
_beng
_cDLC
041 _aeng
080 _a94
_bW-26
100 _91105
_aWard, W., A.
245 _aThe Cambridge Modern History: Volume VIII The French Revolution
_c/ by: The Macmillan Company
260 _aNew York
_bThe Macmillan Company
_c1904
300 _a875 p.
650 0 _9252
_aHistory
653 _aისტორია
700 _91106
_aProthero, W., G.
_eEditor
700 _91107
_aLeathes, Stanley
_eEditor
942 _2udc
_cBK
999 _c1694
_d1694